01437cam a22003257a 4500003000500000005001700005008004100022010000900063011000900072035000900081040000900090082002300099100002800122245004000150260003700190300001800227500003000245500006600275505025800341590004100599590004100640590004100681590004200722650006000764901000700824942001000831949009600841999001500937952015900952CHAP20220329133016.0971013s1986 r 00010 d a1231 a2203 a1394 cCHAP a636.0891bN4Y 198400aNickel, Richard.98117114aThe anatomy of the domestic animals aBerlin :bSpringer-Verlag,c1986 a5 v.b: ilus. aLa biblioteca tiene : v.1 aTrad. de : Lebrbuch der anatomie der Haustiere, 5 ed. de 1984 aContenido : V.1 The locomotor system of the domestic mammals.-v.2 The viscera of the domestic mammal.-v.3 The circulatory system, the skin and the cutaneous organs of the domestic mammals.-v.4 The nervous system, the endocrine glands and the sensory org aBATCH-UPDb10c20130110lUCH01h0942 aBATCH-UPDb10c20130410lUCH01h0558 aBATCH-UPDb10c20130914lUCH01h0337 aCONVERSIONb10c20130109lUCH01h130214aAnimales domésticosxAnatomía y fisiología.95892 aBK cLIBRO a636.0891 N4y 1984bBCcLIBROd33724000276077eLIBROfv.1gI. 153116h78809i1394sit303.80 c1231d1231 00102ddc4052708GRALaBCbBCcPP_GRALd2019-12-31eI. 153116fLIBROl0o636.0891 N4y 1984p33724000276077r2019-12-31 00:00:00tv.1w2019-12-31yLIBRO